| 000 | 00524nam a2200181Ia 4500 | ||
|---|---|---|---|
| 999 |
_c14390 _d14390 |
||
| 003 | OSt | ||
| 005 | 20201016143604.0 | ||
| 008 | 190216s9999||||xx |||||||||||||| ||und|| | ||
| 020 | _a9780140167726 | ||
| 040 | _coclc | ||
| 082 |
_a573.2 _bRID/R |
||
| 100 |
_aRidley, Matt _95835 |
||
| 245 | 4 |
_aThe Red Queen Sex And The Evolution Of Human Nature / _cMatt Ridley |
|
| 260 |
_bPenguin Books , _aLondon: _c1993. |
||
| 300 | _a404p | ||
| 650 | _aEnglish | ||
| 942 |
_cBK _2ddc _h573.2 _iRID/R _k573.2 _mRID/R |
||